Dinámicas : actividades para el proceso de enseñanza - aprendizaje / Sonia Rodríguez y Gilberto Quiñones (Registro nro. 34016)
[ vista simple ]
| 000 -LÍDER | |
|---|---|
| Campo fijo de descripción fija | 008340000a22002050004500 |
| 020 ## - NÚMERO INTERNACIONAL NORMALIZADO PARA LIBROS | |
| Número Internacional Normalizado del libro | 0-311-11601-9 |
| 082 04 - NÚMERO DE CLASIFICACIÓN DECIMAL DEWEY | |
| Número de clasificación | G 259.2 R6962d |
| 001 - NÚMERO DE CONTROL | |
| Campo de control | 3339 |
| 100 1# - ASIENTO PRINCIPAL--NOMBRE PERSONAL | |
| Nombre personal | Rodríguez, Sonia |
| 245 10 - TÍTULO | |
| Título del Material | Dinámicas : actividades para el proceso de enseñanza - aprendizaje / Sonia Rodríguez y Gilberto Quiñones |
| 250 ## - MENCIÓN DE EDICIÓN | |
| Mención de edición | 5 |
| 260 ## - PUBLICACIÓN, DISTRIBUCIÓN, ETC. (PIE DE IMPRENTA) | |
| Lugar de publicación, distribución, etc. | El Paso, Texas : Casa Bautista de Publicaciones |
| 300 ## - DESCRIPCIÓN FÍSICA | |
| Extensión | 86 páginas |
| 336 ## - CONTENT TYPE | |
| Content type term | texto |
| Content type code | txt |
| Source | rdacontent |
| 337 ## - MEDIA TYPE | |
| Source | rdamedia |
| Media type term | sin mediación |
| Media type code | n |
| 338 ## - CARRIER TYPE | |
| Source | rdacarrier |
| Carrier type term | volumen |
| Carrier type code | nc |
| 501 ## - NOTA DE “CON” | |
| Nota de Contenido | rústico |
| 505 00 - NOTA DE CONTENIDO | |
| Nota de contenido con formato preestablecido | Actividades grupales para el proceso de enseñanza-aprendizaje -- Actividades para división de grupos -- Actividades para conocerse -- Actividades para la aplicación bíblica -- Actividades para el conocimiento bíblico y la aplicación a la vida |
| 942 ## - TIPO DE MATERIAL (KOHA) | |
| Tipo de Item KOHA | Libros General |
| Estado de Material | Estado de Perdido | Estado de Dañado | No para Préstamo | Colección | Tomo | Biblioteca de Origen | Biblioteca Permanente | Fecha de Adquisición | Total de Préstamos | Total de Renovaciones | Signatura Topográfica | Código de Barras | Última vez visto | Última vez Préstado | Ejemplar/Existencia | Fecha de Remplazo | Tipo de Material |
|---|---|---|---|---|---|---|---|---|---|---|---|---|---|---|---|---|---|
| Colección General | Biblioteca FUSBC | Biblioteca FUSBC | 03/03/2015 | 4 | 4 | G 259.2 R6962d | 17034 | 24/02/2020 | 30/01/2020 | 1 | 26/01/2016 | Libros General |
